000 00606nam a2200217Ia 4500
008 240729s9999 xx 000 0 und d
022 _a2375-1495
245 0 _aAIMS Bioengineering
260 _aUnited States
260 _bAIMS Press
650 _a Biotechnology | Medicine
650 _a Chemical engineering | Technology
650 _a Chemical technology
650 _a Chemical technology
650 _a Medical technology
650 _a Medicine (General)
650 _aTechnology
856 _uhttps://doaj.org/toc/d86412fbedb54be6a4409eb94897af3b
942 _2ddc
942 _cDOAJEJ
999 _c67101
_d67101
945 _a1
_bMadushi Gamage
_c1
_dMadushi Gamage